Informačné a komunikačné technológie

Elektronická forma komunikácie nadobudla väčší význam a obľubu najmä v posledných rokoch a v súvislosti s rozširovaním pripojenia na celosvetovú sieľ internet. Jednou z foriem elektronickej komunikácie je aj elektronická pošta. Výhody e-mailu. Autor sa v príspevku venuje prostriedkom pre správu elek...

ver descrição completa

Na minha lista:
Detalhes bibliográficos
Autor principal: Šóš, Ivan, 1977-
Formato: Capítulo de Livro
Idioma:eslovaco
Assuntos:
Tags: Adicionar Tag
Sem tags, seja o primeiro a adicionar uma tag!

MARC

LEADER 00000nla$a2200000$$$4500
001 0089049
005 20240502072009.0
041 0 |a slo 
044 |a SK 
245 1 0 |a Informačné a komunikačné technológie  |c Ivan Šóš 
520 |a Elektronická forma komunikácie nadobudla väčší význam a obľubu najmä v posledných rokoch a v súvislosti s rozširovaním pripojenia na celosvetovú sieľ internet. Jednou z foriem elektronickej komunikácie je aj elektronická pošta. Výhody e-mailu. Autor sa v príspevku venuje prostriedkom pre správu elektronickej komunikácie. 
610 2 0 |a technológie informačné 
610 2 0 |a technológie komunikačné 
610 2 0 |a komunikácia elektronická 
610 2 0 |a pošta elektronická 
610 2 0 |a bezpečnosť 
100 1 |a Šóš, Ivan, 1977-